000 00192nam a2200085 4500
001 1244879
005 20251023123054.0
245 _aGÖZCÜ KULESİNDE
_cDELAL ARYA
260 _bCAN ÇOCUK YAYINLARI
999 _c1244879
_d1244879